000 00814cam a2200229 4500
001 D15308
008 090401t1985 xxu||||| |||| 00| 0 eng d
035 _a(Sirsi) u21805
041 _aeng
050 _a711.1
_c18
090 _aRICS 1985/16ABCD
110 _aRoyal Institution of Chartered Surveyors
_bPlanning and Development Division
_9956
245 _aDevelopment briefs
_btheir preparation and use in land disposal and partnership
260 _aLondon
_bSurveyors Publications
_c1985
300 _a11p.
_c30cm
490 _aRICS Planning and Development Guidance Note
_v11
520 _aSuperseded by second edition "Development briefs" (ISBN 0854064982).
650 _aDEVELOPMENT BRIEFS
690 _aENVIRONMENTAL AND LAND CONSULTANCY-PLANNING AND DEVELOPMENT
942 _n0
948 _c04/03/1997
999 _c88064
_d88064